|
|
|
|
| LEADER |
01989nam a2200541 i 4500 |
| 001 |
nkc20233504738 |
| 003 |
CZ PrNK |
| 005 |
20230417075541.0 |
| 007 |
ta |
| 008 |
230323s2023 xr ac e 000 0 cze |
| 015 |
|
|
|a cnb003504738
|
| 020 |
|
|
|a 978-80-908542-2-2
|q (vázáno)
|
| 035 |
|
|
|a (OCoLC)1375350001
|
| 040 |
|
|
|a ABA001
|b cze
|d OLA001
|e rda
|
| 043 |
|
|
|a e-xr---
|b e-xr-zl
|2 czenas
|
| 045 |
|
|
|a x3y2
|
| 072 |
|
7 |
|a 796
|x Sport. Hry. Tělesná cvičení
|2 Konspekt
|9 20
|
| 080 |
|
|
|a 796.966:061
|2 MRF
|
| 080 |
|
|
|a 796.966
|2 MRF
|
| 080 |
|
|
|a 796.966.071.2
|2 MRF
|
| 080 |
|
|
|a (437.323)
|2 MRF
|
| 080 |
|
|
|a (047.53)
|2 MRF
|
| 100 |
1 |
|
|a Trávníček, Václav,
|d 1987-
|7 xx0145092
|4 aut
|
| 245 |
1 |
0 |
|a Fenomén Vsetín Forever /
|c Václav Trávníček
|
| 250 |
|
|
|a První vydání
|
| 264 |
|
1 |
|a Plzeň :
|b eSports.cz, s.r.o.,
|c 2023
|
| 300 |
|
|
|a 482 stran :
|b ilustrace (některé barevné), portréty ;
|c 25 cm
|
| 336 |
|
|
|a text
|b txt
|2 rdacontent
|
| 336 |
|
|
|a statický obraz
|b sti
|2 rdacontent
|
| 337 |
|
|
|a bez média
|b n
|2 rdamedia
|
| 338 |
|
|
|a svazek
|b nc
|2 rdacarrier
|
| 610 |
2 |
7 |
|a HC Vsetín (hokejový klub)
|7 xx0145103
|2 czenas
|
| 648 |
|
4 |
|a 1939-2022
|
| 648 |
|
7 |
|a 20.-21. století
|7 ch462155
|2 czenas
|
| 650 |
0 |
7 |
|a hokejové kluby
|7 ph136922
|z Česko
|y 20.-21. století
|2 czenas
|
| 650 |
0 |
7 |
|a lední hokej
|7 ph115102
|z Česko
|y 20.-21. století
|2 czenas
|
| 650 |
0 |
7 |
|a hokejisté
|7 ph114685
|z Česko
|y 20.-21. století
|2 czenas
|
| 650 |
0 |
9 |
|a hockey clubs
|z Czechia
|y 20th-21st centuries
|2 eczenas
|
| 650 |
0 |
9 |
|a ice hockey
|z Czechia
|y 20th-21st centuries
|2 eczenas
|
| 650 |
0 |
9 |
|a hockey players
|z Czechia
|y 20th-21st centuries
|2 eczenas
|
| 651 |
|
7 |
|a Vsetín (Česko)
|7 ge131347
|2 czenas
|
| 651 |
|
9 |
|a Vsetín (Czechia)
|2 eczenas
|
| 655 |
|
7 |
|a rozhovory
|7 fd133303
|2 czenas
|
| 655 |
|
9 |
|a interviews
|2 eczenas
|
| 910 |
2 |
|
|a BOA001
|b 2-1506.639
|
| 990 |
|
|
|a BK
|
| 995 |
|
|
|a 01
|
| 996 |
6 |
|
|b 2610936849
|c 2-1506.639
|l MZK
|r Sklad / do 1 hodiny
|n 1
|p p.v.
|w 001922342
|u 000010
|a 1
|e BOA001
|j MZK50
|s P
|